000 01131cam a2200301 4500
001 J83081
008 090401t1998 xxu||||| |||| 00| 0 eng d
035 _a(Sirsi) u87632
041 _aeng
050 _a692.9
110 _aJoint Contracts Tribunal
_93664
245 _aNominated sub-contract conditions (NSC/C) 1991 edition... Amendment 7 and guidance notes issued April 1998...
260 _aBirmingham
_bConstruction Industry Publications Ltd.
_c1998
300 _a39p. ; 30cm.
350 _a0
520 _aAmendments arising out of proposals in Constructing the Team and amendments to comply with the provisions of the Housing Grants, Construction and Regeneration Act 1996 Part II.
650 _aAMENDMENT 7
650 _aBUILT ENVIRONMENT-BUILDING CONTRACT FORMS
650 _aLATHAM REFORMS
650 _aHOUSING GRANTS, CONSTRUCTION AND REGENERATION ACT 1996 PART II
650 _aLATHAM REFORMS
650 _aNOMINATED SUB-CONTRACT CONDITIONS (NSC/C)
650 _aNSC/C 1991
650 _aSUBCONTRACTS
690 _aBUILT ENVIRONMENT-BUILDING CONTRACT FORMS
942 _n0
948 _c24/07/1998
999 _c97256
_d97256